| 000 | 01028nam a2200373 4500 | ||
|---|---|---|---|
| 001 | 00414880 | ||
| 003 | DO-SdBNP | ||
| 005 | 20180221150944.0 | ||
| 007 | 00414880 | ||
| 008 | 940930r 1993 sp a |||| ||spa | ||
| 016 | 7 |
_a _2BPMSU |
|
| 017 |
_a _b |
||
| 020 | _a8434813084 | ||
| 035 | _a | ||
| 040 |
_aBPMSU _bspa _cBPMSU _e |
||
| 041 | 1 |
_aspa _h |
|
| 080 | 0 | _a | |
| 082 |
_axxx _bxxx |
||
| 100 | 1 |
_aLobe, Mira _d1913- |
|
| 240 | 1 | 0 |
_aIngo und Drago. _lEspañol |
| 245 | 1 | 0 |
_aIngo y Drago / _cMira Lobe ; traducción del alemán, Marinella Terzi ; ilustraciones, Susi Weigel _h |
| 250 | _a15ª ed. | ||
| 260 |
_aMadrid : _bSM, _c1993. |
||
| 300 |
_a128 p.; _bil. : _c20 cm. |
||
| 490 |
_aEl barco de vapor _aSerie azul _v15 |
||
| 500 | _a | ||
| 521 | _aA partir de 7 años. | ||
| 700 | 1 |
_aTerzi, Marinella _etr. |
|
| 700 | 1 |
_aWeigel, Susi _eil. |
|
| 830 |
_pSerie azul _v15 _aEl barco de vapor |
||
| 942 |
_2ddc _cBK |
||
| 945 | _aInventariado, 2018/ YL | ||
| 956 |
_aVMATEO _210 _320151130 _6BPMSU _800151 |
||
| 999 |
_c8969 _d8969 |
||